<?xml version="1.0" encoding="UTF-8"?>
<record
    xmlns:xsi="http://www.w3.org/2001/XMLSchema-instance"
    xsi:schemaLocation="http://www.loc.gov/MARC21/slim http://www.loc.gov/standards/marcxml/schema/MARC21slim.xsd"
    xmlns="http://www.loc.gov/MARC21/slim">

  <leader>02877cam a22002895a 4500</leader>
  <controlfield tag="001">ocm63808022</controlfield>
  <controlfield tag="003">OSt</controlfield>
  <controlfield tag="005">20151116153903.0</controlfield>
  <controlfield tag="008">060210s2006    enka   frb    001 0 eng d</controlfield>
  <datafield tag="020" ind1=" " ind2=" ">
    <subfield code="a">0415379547 (pbk. : alk. paper)</subfield>
  </datafield>
  <datafield tag="020" ind1=" " ind2=" ">
    <subfield code="a">9780415379540</subfield>
  </datafield>
  <datafield tag="040" ind1=" " ind2=" ">
    <subfield code="a">DLC</subfield>
    <subfield code="c">DLC</subfield>
    <subfield code="d">BAKER</subfield>
    <subfield code="d">C#P</subfield>
    <subfield code="d">EG-ScBUE</subfield>
    <subfield code="b">eng</subfield>
  </datafield>
  <datafield tag="043" ind1=" " ind2=" ">
    <subfield code="a">e-uk---</subfield>
  </datafield>
  <datafield tag="082" ind1="0" ind2="4">
    <subfield code="a">072</subfield>
    <subfield code="2">22</subfield>
    <subfield code="b">LOC</subfield>
  </datafield>
  <datafield tag="245" ind1="0" ind2="0">
    <subfield code="a">Local journalism and local media :</subfield>
    <subfield code="b">making the local news /</subfield>
    <subfield code="c">edited by Bob Franklin.</subfield>
  </datafield>
  <datafield tag="250" ind1=" " ind2=" ">
    <subfield code="a">2nd ed.</subfield>
  </datafield>
  <datafield tag="260" ind1=" " ind2=" ">
    <subfield code="a">London ;</subfield>
    <subfield code="a">New York :</subfield>
    <subfield code="b">Routledge / Taylor &amp; Francis Group,</subfield>
    <subfield code="c">2006.</subfield>
  </datafield>
  <datafield tag="300" ind1=" " ind2=" ">
    <subfield code="a">xv, 311 p. :</subfield>
    <subfield code="b">ill. ;</subfield>
    <subfield code="c">25 cm.</subfield>
  </datafield>
  <datafield tag="500" ind1=" " ind2=" ">
    <subfield code="a">Index : p. 301-311.</subfield>
  </datafield>
  <datafield tag="504" ind1=" " ind2=" ">
    <subfield code="a">Includes bibliographical references.</subfield>
  </datafield>
  <datafield tag="505" ind1="0" ind2=" ">
    <subfield code="a">Attacking the devil? local journalists and local newspapers in the UK / Bob Franklin -- News on local radio / Andrew Crisell and Guy Starkey -- What future for regional television news? / Richard Tait -- News from a small country : the media in Scotland / Brian McNair -- The regional and local media in Wales / James Thomas -- Profits, politics, and paramilitaries : the local news media in Northern Ireland / Greg McLaughlin -- Educating and training local journalists / Peter Cole -- Profits before product? Ownership and economics of the local press / Granville Williams -- Industrial relations and local journalism / Gregor Gall -- Local journalists and the local press : waking up to change? / Rod Pilling -- Regulating the local press / Robert Pinker -- The alternative local press / Tony Harcup -- Real readers, real news : the work of a local newspaper editor / Sara Hadwin -- A right free for all! competition, soundbite journalism, and the local free press / Bob Franklin -- Local news, global politics : reporting the London bomb attacks / Stuart Allan -- Local government public relations and the local press / Shirley Harrison -- Hungry media need fast food : the role of the central office of information / Brent Garner -- The role of the freelance in local journalism / Ros Bew -- Trading on trust : news agencies, local journalism and local media / Martin Hamer -- Letters to the editor in local and regional newspapers : giving voice to the readers / Karin Wahl-Jorgensen -- Open source? Hearing voices in the local press / Karen Ross -- Out damned plot: the Evening standard and the introduction of the London congestion charging / Ivor Gaber -- Downgrading the 'local' in local newspapers' reporting of the 2005 UK general election / Bob Franklin, Geoff Court and Stephen Cushion -- Ethics for local journalism / Chris Frost -- Football fanzines and local news / Chris Atton -- The freedom of information and local journalism / Heather Brooke.</subfield>
  </datafield>
  <datafield tag="650" ind1=" " ind2="0">
    <subfield code="a">Journalism, Regional</subfield>
    <subfield code="z">Great Britain.</subfield>
    <subfield code="2">BUEsh</subfield>
  </datafield>
  <datafield tag="651" ind1=" " ind2=" ">
    <subfield code="2">BUEsh</subfield>
  </datafield>
  <datafield tag="653" ind1=" " ind2=" ">
    <subfield code="b">COMAME</subfield>
    <subfield code="c">August2015</subfield>
    <subfield code="c">November2015</subfield>
  </datafield>
  <datafield tag="700" ind1="1" ind2=" ">
    <subfield code="a">Franklin, Bob,</subfield>
    <subfield code="d">1949-</subfield>
    <subfield code="e">editor.</subfield>
  </datafield>
  <datafield tag="942" ind1=" " ind2=" ">
    <subfield code="2">ddc</subfield>
  </datafield>
  <datafield tag="999" ind1=" " ind2=" ">
    <subfield code="c">20508</subfield>
    <subfield code="d">20480</subfield>
  </datafield>
  <datafield tag="952" ind1=" " ind2=" ">
    <subfield code="0">0</subfield>
    <subfield code="1">0</subfield>
    <subfield code="2">ddc</subfield>
    <subfield code="4">0</subfield>
    <subfield code="7">0</subfield>
    <subfield code="8">Baccah</subfield>
    <subfield code="a">MAIN</subfield>
    <subfield code="b">MAIN</subfield>
    <subfield code="c">LOW</subfield>
    <subfield code="d">2015-08-13</subfield>
    <subfield code="e">Purchase</subfield>
    <subfield code="g">314.00</subfield>
    <subfield code="h">21782</subfield>
    <subfield code="l">0</subfield>
    <subfield code="o">072 LOC</subfield>
    <subfield code="p">000039156</subfield>
    <subfield code="r">2025-07-15 00:00:00</subfield>
    <subfield code="v">393.00</subfield>
    <subfield code="y">BB</subfield>
  </datafield>
</record>
